1041 1211 1623 1079 1192 1199 1370 1681 1938 1440 1352 1148 1461 1276 1023 1064 1952 1409 1049 1310 1179 1709 1071 1818 1748 1676 1447 1603 1506 1447 1000 1595 1787 1527 1491 1077 1347 1220 1176 1427 1295 1024 1927 1649 1507 1963 1608 1458 1561 1231 1823 1723 1094 1589 1982 1194 1118 1018 1846 1479 1764 1860 1999 1766 1303 1611 1305 1296 1277 1671 1901 1535 1083 1064 1221 1282 1985 1357 1460 1542 1120 1889 1486 1826 1069 1021 1361 1990 1109 1375 1598 1317 1800 1566 1798 1022 1260 1343 1096 BCNSPRNW ULIB Ver.6.0+V

เปลี่ยนเป็นภาษาไทย

Change to English
 แสดงรายละเอียดบรรณานุกรม
  กลับหน้าหลัก

Brief Record : Get Marc (ISO 2709) : E-mail record : QR code < ปิดหน้าต่าง
LEADER : 00000nam 2200000uu 4500
001    13399113563
003     ULIB
008    111128s2552||||th 000 0 tha d
020    ^a9789746907224
090    ^aนว.^bล979บ 2552
100 0  ^aไลแลต
245 00 ^aมายา รักร้าย/^cไลแลต
250    ^aพิมพ์ครั้งที่ 1
260    ^aกรุงเทพฯ :^bดอกหญ้า 2000,^c2552
300    ^a262 หน้า
710 1  ^aดอกหญ้า 2000
945    ^p179^l0^i16426
995    ^aกัณชพร
999    ^aใช้งานได้ทุกระบบ
รายการนี้ยังไม่มีแท็ก
คุณยังไม่ได้ล็อกอิน คุณสามารถมีกิจกรรมร่วมกับเว็บไซต์ได้ แต่ต้องล็อกอินก่อน ::
  ล็อกอิน

รายการสื่อสารสนเทศ

ลำดับที่ ประเภท เลขเรียก/บาร์โค้ด สถานที่ สถานะ
1. นวนิยาย
นวนิยาย
นว. ล979บ 2552  
  Barcode: 16426
ห้องสมุดวิทยาเขตสวรรค์ประชารักษ์
►นวนิยาย
บนชั้น
  ขอยืม

BibComment


ยังไม่เคยถูกคอมเมนท์

คอมเมนท์ทรัพยากรรายการนี้
  คอมเมนท์: มายา รักร้าย ไลแลต


 Copyright 2026. Bcnsprnw @Library